A child in prison camp

Guardado en:  
Detalles Bibliográficos
Autor principal: Takashima, Shizuye 1928-2005 (Autor)
Tipo de documento: Print Libro
Lenguaje:Inglés
Publicado: Montreal Tundra Books 1971
En:Año: 1971
Edición:1. ed.
Disponibilidad en Tübingen:Disponible en Tübingen.
UB: KB 6 A 254
Verificar disponibilidad: HBZ Gateway
Servicio de pedido Subito: Pedir ahora.
Palabras clave:

MARC

LEADER 00000cam a2200000 c 4500
001 1094312932
003 DE-627
005 20251224220542.0
007 tu
008 910528s1971 xx ||||| 00| ||eng c
035 |a (DE-627)1094312932 
035 |a (DE-576)024312932 
035 |a (DE-599)BSZ024312932 
035 |a (OCoLC)00624332 
040 |a DE-627  |b ger  |c DE-627  |e rakwb 
041 |a eng 
082 0 |a 940.54/72/710971144 
084 |a DX 4270  |2 rvk  |0 (DE-625)rvk/20313:227 
100 1 |8 1\p  |a Takashima, Shizuye  |d 1928-2005  |0 (DE-588)1153233797  |0 (DE-627)1014687691  |0 (DE-576)500144567  |4 aut 
109 |a Takashima, Shizuye 1928-2005 
245 1 2 |a A child in prison camp  |c Takashima 
250 |a 1. ed. 
264 1 |a Montreal  |b Tundra Books  |c 1971 
300 |a [38] Bl.  |b Ill. 
336 |a Text  |b txt  |2 rdacontent 
337 |a ohne Hilfsmittel zu benutzen  |b n  |2 rdamedia 
338 |a Band  |b nc  |2 rdacarrier 
583 1 |a Archivierung prüfen  |c 20200919  |f DE-640  |z 1  |2 pdager 
655 7 |a Kinderbuch  |0 (DE-588)4303251-5  |0 (DE-627)121618285  |0 (DE-576)211056774  |2 gnd-content 
689 0 0 |d g  |0 (DE-588)4029456-0  |0 (DE-627)106274163  |0 (DE-576)208982698  |a Kanada  |2 gnd 
689 0 1 |d s  |0 (DE-588)4130608-9  |0 (DE-627)10411648X  |0 (DE-576)209620404  |a Internierung  |2 gnd 
689 0 2 |d s  |0 (DE-588)4096462-0  |0 (DE-627)104584661  |0 (DE-576)209325755  |a Japaner  |2 gnd 
689 0 3 |a z  |2 gnd  |a Geschichte 1941-1944 
689 0 |5 (DE-627) 
883 |8 1\p  |a cgwrk  |d 20241001  |q DE-101  |u https://d-nb.info/provenance/plan#cgwrk 
936 r v |a DX 4270  |b Primärliteratur  |k Pädagogik  |k Jugendliteratur  |k Erzählungen für Kinder  |k Erzählungen mit geschichtlichem Hintergrund  |k Primärliteratur  |0 (DE-627)1270702416  |0 (DE-625)rvk/20313:227  |0 (DE-576)200702416 
951 |a BO 
ELC |b 1 
LOK |0 000 xxxxxcx a22 zn 4500 
LOK |0 001 2165151392 
LOK |0 003 DE-627 
LOK |0 004 1094312932 
LOK |0 005 20020606000000 
LOK |0 008 910528||||||||||||||||ger||||||| 
LOK |0 040   |a DE-21  |c DE-627  |d DE-21 
LOK |0 852   |a DE-21 
LOK |0 852 1  |c KB 6 A 254  |9 00 
LOK |0 935   |a krim 
LOK |0 936ln  |a k10.2.1 
LOK |0 939   |a 28-05-91  |b l01 
ORI |a SA-MARC-krimdoka001.raw 
SIG |a UB: KB 6 A 254 
TIM |a 100019410101_100019441231  |b Geschichte 1941-1944